Některé vlastnosti příčinkových čar prutů namáhaných ohybovým kroucením /

Gespeichert in:
Bibliographische Detailangaben
1. Verfasser: Sítek, Otakar (VerfasserIn)
Format: Buch
Sprache:Tschechisch
Veröffentlicht: Ostrava : Oborové středisko VTEI, 1973
Schriftenreihe:rz1
Schlagworte:
Online-Zugang: Volltext
Tags: Tag hinzufügen
Keine Tags, Fügen Sie den ersten Tag hinzu!

MARC

LEADER 00000cam a2200000 4500
003 SK-BrCVT
005 20220621172000.0
008 090729s1973 cs e ||||||cze d
035 |a CVTIDWR001262 
040 |a    |b slo  |c    |d   
041 0 |a cze 
044 |a cs 
100 0 |a Sítek, Otakar  |4 aut 
245 1 0 |a Některé vlastnosti příčinkových čar prutů namáhaných ohybovým kroucením /  |c Otakar Sítek 
260 3 |a Ostrava :  |b Oborové středisko VTEI,  |c 1973 
300 |a 57 s. 
653 1 |a oceľová konštrukcia 
653 1 |a deformácia skrutom 
653 1 |a inžinierske staviteľstvo 
830 |a rz1 
974 |f Knihy 
999 |c 192127  |d 192127